MOŽNOSTI OPTIMALIZÁCIE KAPITÁLOVEJ ŠTRUKTÚRY NA ZÁKLADE KRITÉRIA MINIMALIZÁCIE NÁKLADOV VLASTNÉHO KAPITÁLU

Bibliographic Details
Main Author: Kanderová, Mária, 1965- (Author)
Format: Article
Language:Slovak

MARC

LEADER 00000nab a2200000 a 4500
001 vtls011126582
003 SK-MaSNL
005 20260304030200.0
008 250310|2002 xo |||||||||||||||||slo|
015 |a SNBRB 
035 |a (uuid)de030b81-a7db-48e8-b830-3b13e96b2e69 
035 |a (urnnbn)urn:nbn:sk:snk:ar-a09f2m 
035 |a urn:nbn:sk:snk-aba3uu 
040 |a SNKBUCL  |b slo  |c SNKBUCL  |e AACR2 
041 0 |a slo 
044 |a xo  |c SK 
100 1 |a Kanderová, Mária,  |d 1965-  |4 aut  |9 224389 
245 1 0 |a MOŽNOSTI OPTIMALIZÁCIE KAPITÁLOVEJ ŠTRUKTÚRY NA ZÁKLADE KRITÉRIA MINIMALIZÁCIE NÁKLADOV VLASTNÉHO KAPITÁLU  |c Mária Kanderová 
773 0 |t Finančný manažér : štvrťročník Slovenskej asociácie podnikových finančníkov  |g Roč. 3, č. 3-4 (2002), s. 49-52 
958 |a OND 
958 |a EUIPO 
958 |a article13 
999 |c 2632274  |d 2634204